000
00417nam a22001097a 4500
082
_a
150/SHA
100
_a
शर्मा , डां पवित्र कुमार
_9
77027
245
_a
तनावमुक्ति के सरल उपाय
260
_a
दिल्ली
_b
गैलेक्सी पब्लिशर्स
_c
2022
650
_a
मनोविज्ञान
942
_c
HIN
999
_c
65658
_d
65658